书目信息 |
| 题名: |
1973-2005美国驻华大使传奇
|
|
| 作者: | 王立 著 | |
| 分册: | ||
| 出版信息: | 北京 世界知识出版社 2005 |
|
| 页数: | 11, 269页 | |
| 开本: | 23cm | |
| 丛书名: | 国际书屋 | |
| 单 册: | ||
| 中图分类: | D829.712 | |
| 科图分类: | ||
| 主题词: | 中美关系--国际关系史--史料 | |
| 电子资源: | ||
| ISBN: | 7-5012-2598-2 | |
| 000 | 01297nam0 2200337 450 | |
| 000 | 01260nam0 2200325 450 | |
| 000 | 01258nam0 2200337 450 | |
| 000 | 01204nam0 2200313 450 | |
| 000 | 01233nam0 2200301 450 | |
| 000 | 01196nam0 2200289 45 | |
| 001 | TS2006042349 | |
| 005 | 20070106161513.28 | |
| 010 | @a7-5012-2598-2@dCNY26.80 | |
| 100 | @a20060829d2005 em y0chiy0120 ea | |
| 101 | 0 | @achi |
| 102 | @aCN@b110000 | |
| 105 | @aa z 000yd | |
| 200 | 1 | @a1973-2005美国驻华大使传奇@A1973-2005 Mei Guo Zhu Hua Da Shi Chuan Qi@dThe legendary career of American ambassadors to people's China@f王立著@FWang Li Zhu@zeng |
| 210 | @a北京@c世界知识出版社@d2005 | |
| 215 | @a11, 269页@c照片@d23cm | |
| 225 | 2 | @a国际书屋 |
| 330 | @a本书是对布什、伍德科克、洛德、恒安石等11位美国驻华大使的翔实写照,让读者看到了美国外交馆的各种表现和不同风格,也让读者了解了中美关系发展变化的轨迹。 | |
| 410 | 0 | @12001 @a国际书屋 |
| 510 | 1 | @aThe legendary career of American ambassadors to people's China@zeng |
| 606 | 0 | @a中美关系@x国际关系史@y史料 |
| 690 | @aD829.712@v4 | |
| 701 | 0 | @a王立@AWang Li@4著 |
| 801 | 0 | @aCN@b中图数据@c20070106 |
| 905 | @a10447@dD829.712@e105 | |
| 1973-2005美国驻华大使传奇=The legendary career of American ambassadors to people's China/王立著.-北京:世界知识出版社,2005 |
| 11, 269页:照片;23cm.-(国际书屋) |
| ISBN 7-5012-2598-2:CNY26.80 |
| 本书是对布什、伍德科克、洛德、恒安石等11位美国驻华大使的翔实写照,让读者看到了美国外交馆的各种表现和不同风格,也让读者了解了中美关系发展变化的轨迹。 |
| ● |
| 相关链接 |
|
|
|
|
正题名:1973-2005美国驻华大使传奇
索取号:D829.712/105
 
预约/预借
| 序号 | 登录号 | 条形码 | 馆藏地/架位号 | 状态 | 备注 |
| 1 | 0606559 | 206065595 | 第一样本阅览室/ [索取号:D829.712/105] | 在馆 | |
| 2 | 0606560 | 206065602 | 第一借阅区/ [索取号:D829.712/105] | 在馆 | |
| 3 | 0606561 | 206065611 | 第一借阅区/ [索取号:D829.712/105] | 在馆 | |
| 4 | 0606562 | 206065620 | 第一借阅区/ [索取号:D829.712/105] | 在馆 | |
| 5 | 0606563 | 206065639 | 第一借阅区/ [索取号:D829.712/105] | 在馆 | |
| 6 | 0606564 | 206065648 | 第一借阅区/ [索取号:D829.712/105] | 在馆 |